000 00359nam a22001697a 4500
003 UA-OsUOA
001 2610
007 ta
008 20050721b un ||||| |||| 00| 0 ukr d
100 _aGiven
700 _aBruce W.
942 _cBK
040 _aUA-OsUOA
_cUA-OsUOA
_dUA-OsUOA
245 _aTire tracks and tread marks.
_bLaw
955 _a2
650 7 _2UDC
999 _c288772
_d288772